Sports Quiz

Random Sports or MLB Quiz

Invisible Big 4 Teams Quiz Stats

Quiz Updated Feb 6, 2018

Challenge
Share
Tweet
Embed
Score 0/123 Timer 15:00
6 Plays Today
Team % Correct
Cincinnati Reds
91.6%
New York Giants
87.8%
San Francisco Giants
87.7%
New England Patriots
87.4%
Boston Red Sox
86.3%
New York Jets
86.2%
Seattle Seahawks
86.2%
Winnipeg Jets
86%
Arizona Cardinals
85.7%
St Louis Cardinals
85.6%
New York Yankees
85.6%
Philadelphia Eagles
85.3%
Chicago White Sox
84.6%
Oakland Athletics
83.5%
Texas Rangers
83.5%
New York Rangers
83.5%
Chicago Bears
83.4%
Chicago Cubs
83%
Florida Panthers
83%
Carolina Panthers
83%
Dallas Cowboys
82.7%
Minnesota Vikings
82.4%
Pittsburgh Steelers
82.2%
New York Mets
82.1%
Cleveland Browns
82%
Detroit Lions
81.9%
Miami Dolphins
81.8%
Boston Celtics
81.7%
Green Bay Packers
81.6%
Los Angeles Kings
81.4%
Los Angeles Rams
81.4%
Atlanta Falcons
81.1%
San Francisco 49ers
81.1%
Los Angeles Lakers
80.9%
Sacramento Kings
80.7%
Houston Texans
80.5%
Washington Redskins
80.4%
Oakland Raiders
80.4%
New Orleans Saints
80.3%
Miami Heat
80.1%
Cleveland Cavaliers
80%
Team % Correct
Jacksonville Jaguars
80%
Tennessee Titans
80%
Los Angeles Chargers
79.9%
Houston Astros
79.6%
Denver Broncos
79.4%
Golden State Warriors
79.4%
Cincinnati Bengals
79.2%
Buffalo Bills
79.1%
Los Angeles Dodgers
78.9%
Detroit Tigers
78.8%
Miami Marlins
78.6%
Tampa Bay Buccaneers
78.5%
Pirates
78.4%
Philadelphia Phillies
78.4%
Baltimore Ravens
78.2%
Philadelphia 76ers
78.1%
Indianapolis Colts
78.1%
New York Knicks
77.8%
Toronto Blue Jays
77.8%
Cleveland Indians
77.8%
Atlanta Braves
77.7%
Kansas City Chiefs
77.7%
Brooklyn Nets
77.7%
Chicago Bulls
77.4%
Los Angeles Angels of Anaheim
77.1%
Tampa Bay Rays
77%
Seattle Mariners
76.9%
Washington Nationals
76.8%
Baltimore Orioles
76.7%
Minnesota Twins
76.5%
Los Angeles Clippers
76.5%
Oklahoma City Thunder
76.1%
Boston Bruins
76.2%
Colorado Rockies
75.9%
Arizona Diamondbacks
75.7%
Pittsburgh Penguins
75.4%
San Antonio Spurs
75.4%
Milwaukee Brewers
75.2%
Chicago Blackhawks
75.1%
Atlanta Hawks
75%
Houston Rockets
75%
Team % Correct
Detroit Pistons
74.6%
Dallas Mavericks
74.4%
New York Islanders
74%
Minnesota Timberwolves
74%
Detroit Red Wings
73.8%
New Orleans Pelicans
73.6%
Kansas City Royals
73.4%
San Diego Padres
73.3%
Utah Jazz
73.1%
Phoenix Suns
72.9%
Orlando Magic
72.6%
Milwaukee Bucks
72.3%
Toronto Maple Leafs
72.2%
Washington Wizards
72.2%
Indiana Pacers
71.6%
Philadelphia Flyers
71.4%
Portland Trail Blazers
71.3%
Denver Nuggets
71.3%
Dallas Stars
70.9%
Vancouver Canucks
70.8%
Montreal Canadiens
70.7%
Toronto Raptors
70.5%
Charlotte Hornets
70.3%
Colorado Avalanche
70%
Minnesota Wild
69.4%
St Louis Blues
68.7%
Memphis Grizzlies
68%
Washington Capitals
67.6%
Tampa Bay Lightning
66.5%
Arizona Coyotes
66.4%
Edmonton O\ilers
66.4%
Ottawa Senators
66.1%
Columbus Blue Jackets
66%
Nashville Predators
65.6%
Anaheim Ducks
65.1%
San Jose Sharks
64.6%
Carolina Hurricanes
64.3%
Calgary Flames
63.2%
New Jersey Devils
63%
Buffalo Sabres
60.9%
Vegas Golden Knights
60.2%

You're not logged in!

Compare scores with friends on all Sporcle quizzes.
Join for Free
OR
Log In

You Might Also Like...

Show Comments

Extras

Top Quizzes Today


Score Distribution

Your Account Isn't Verified!

In order to create a playlist on Sporcle, you need to verify the email address you used during registration. Go to your Sporcle Settings to finish the process.

Report this User

Report this user for behavior that violates our Community Guidelines.

Details: